| 000 | 03026namaa2200541uu 4500 | ||
|---|---|---|---|
| 001 | doab134741 | ||
| 003 | oapen | ||
| 005 | 20260218110441.0 | ||
| 006 | m o d | ||
| 007 | cr|mn|---annan | ||
| 008 | 240224s2024 xx |||||o ||| 0|eng d | ||
| 020 | _a9783110795202 | ||
| 020 | _a9783110795431 | ||
| 020 | _a9783110795431 | ||
| 020 | _a9783110795516 | ||
| 024 | 7 |
_a10.1515/9783110795431 _2doi |
|
| 040 |
_aoapen _coapen _d |
||
| 041 | 0 | _aeng | |
| 042 | _adc | ||
| 720 | 1 |
_aDana, Léo-Paul _4edt |
|
| 245 | 0 | 0 |
_aFashion and Environmental Sustainability _bEntrepreneurship, Innovation and Technology |
| 260 |
_aBerlin/Boston _bDe Gruyter _c2024 |
||
| 300 | _a1 online resource (365 p.) | ||
| 336 |
_atext _btxt _2rdacontent |
||
| 337 |
_acomputer _bc _2rdamedia |
||
| 338 |
_aonline resource _bcr _2rdacarrier |
||
| 506 | 0 |
_fUnrestricted online access _2star |
|
| 520 | _aThe wide range of topics that the book covers are organised into sections reflecting a cradle to grave view of how entrepreneurial, innovative, and tech-savvy approaches can advance environmental sustainability in the fashion sector. These sections include: sustainable materials; innovation in design, range planning and product development; sustainable innovations in fashion supply chains; sustainable innovations in fashion retail and marketing; sustainable alternatives for end-of-life and circular economy initiatives; and more sustainable alternative fashion business models. ; The wide range of topics that the book covers are organised into sections reflecting a cradle to grave view of how entrepreneurial, innovative, and tech-savvy approaches can advance environmental sustainability in the fashion sector. These sections include: sustainable materials; innovation in design, range planning and product development; sustainable innovations in fashion supply chains; sustainable innovations in fashion retail and marketing; sustainable alternatives for end-of-life and circular economy initiatives; and more sustainable alternative fashion business models. | ||
| 540 |
_aCreative Commons _fby/4.0 _2cc _uhttp://creativecommons.org/licenses/by/4.0 |
||
| 546 | _aEnglish | ||
| 650 | 7 |
_aBusiness & the environment, 'Green' approaches to business _2bicssc |
|
| 650 | 7 |
_aBusiness innovation _2bicssc |
|
| 650 | 7 |
_aEntrepreneurship _2bicssc |
|
| 650 | 7 |
_aOwnership & organization of enterprises _2bicssc |
|
| 650 | 7 |
_aRetail sector _2bicssc |
|
| 720 | 1 |
_aBoardman, Rosy _4edt |
|
| 720 | 1 |
_aBoardman, Rosy _4oth |
|
| 720 | 1 |
_aBrandstrup, Michelle _4edt |
|
| 720 | 1 |
_aBrandstrup, Michelle _4oth |
|
| 720 | 1 |
_aDana, Léo-Paul _4oth |
|
| 720 | 1 |
_aPereira, Vijay _4edt |
|
| 720 | 1 |
_aPereira, Vijay _4oth |
|
| 720 | 1 |
_aSalamzadeh, Aidin _4edt |
|
| 720 | 1 |
_aSalamzadeh, Aidin _4oth |
|
| 793 | 0 | _aDOAB Library. | |
| 856 |
_uhttps://docs.google.com/spreadsheets/d/1yKIrdCPDAG_9c22mwoOIO2DOhtj65Wqa/edit?usp=sharing&ouid=106555315294820607512&rtpof=true&sd=true _yList of Curated E-Books |
||
| 942 | _cE-BOOK | ||
| 999 |
_c81187 _d81186 |
||